| 000 | 00646cam a22002413a 4500 | ||
|---|---|---|---|
| 001 | 3828 | ||
| 003 | PGUSA | ||
| 005 | 20140828083039.0 | ||
| 008 | 060413s2006||||xxu|||||s|||||000 1 eng d | ||
| 040 |
_aPGUSA _beng |
||
| 042 | _adc | ||
| 050 | 4 | _aPR | |
| 100 | 1 |
_aLocke, William John, _d1863-1930 |
|
| 245 | 1 | 0 |
_aSimon the Jester _h[electronic resource] / _cWilliam John Locke |
| 260 |
_bProject Gutenberg, _c2006 |
||
| 506 | _aPublic domain in the USA. | ||
| 516 | _aElectronic text | ||
| 653 | _aFiction | ||
| 653 | _aWit and humor | ||
| 830 | 0 |
_aProject Gutenberg _v3828 |
|
| 856 | 4 | 0 | _uhttp://www.gutenberg.org/ebooks/3828 |
| 942 | _cEB | ||
| 999 |
_c233157 _d233157 |
||